000 01728cam a2200385I 4500
001 8069
003 BD-RjUL
005 20211208234523.0
008 050922s2004 vau sb 000 0 eng d
035 _a(OCoLC)ocm54541804
035 _a(NNC)5434249
040 _aCUY
_cCUY
_dOCLCQ
_dNNC
_beng
041 _aeng
082 _a398
_bTHM 1958
100 1 _aThompson, Stith,
_d1885-1976.
_925161
245 1 0 _aMotif-index of folk literature /
_pVOLUME SIX INDEX
260 _aCharlottesville, Va. :
_bInteLex Corp.,
_c1958.
300 _a891 p.:
_b;
_c26 cm.
490 1 _aInteLex Past Masters
500 _aTitle from home page (viewed Mar. 5, 2004).
506 _aThis resource is available only to current faculty, staff and students of Columbia University.
_5NNC
520 _a"This database is an electronic edition of the Motif-Index of Folk-Literature, revised and enlarged by Stith Thompson, (Bloomington: Indiana University Press, 1955)"--Pref.
534 _pBased on:
_tMotif-index of folk-literature: a classification of narrative elements in folktales, ballads, myths, fables, mediaeval romances, exempla, fabliaux, jest-books, and local legends.
_cBloomington, Ind. : Indiana University Press, [1955-58].
650 0 _aFolklore
_xClassification.
_925162
650 0 _aFolk literature
_vClassification.
_925163
650 0 _aFolk literature
_xThemes, motives.
_925164
650 0 _aFolk literature
_vBibliography.
_925165
655 0 _aElectronic reference sources.
_9133018
710 2 _aInteLex Corporation.
_925167
830 0 _aPast masters (InteLex Corporation)
_9133019
856 4 0 _uhttp://www.columbia.edu/cgi-bin/cul/resolve?clio5434249
942 _2ddc
_cBK
967 _a1186
999 _c8069
_d8069